书目信息 |
| 题名: |
中、高压变频调速系统与节能
|
|
| 作者: | 常瑞增 主编 | |
| 分册: | ||
| 出版信息: | 北京 机械工业出版社 2021.01 |
|
| 页数: | XIII, 423页 | |
| 开本: | 26cm | |
| 丛书名: | ||
| 单 册: | ||
| 中图分类: | TM921.51 | |
| 科图分类: | ||
| 主题词: | 变频调速--bian pin tiao su | |
| 电子资源: | ||
| ISBN: | 978-7-111-66621-9 | |
| 000 | 01092nam0 2200241 450 | |
| 001 | 202021193318 | |
| 005 | 20211025120136.0 | |
| 010 | @a978-7-111-66621-9@dCNY129.00 | |
| 100 | @a20210927d2021 em y0chiy50 ea | |
| 101 | 0 | @achi |
| 102 | @aCN@b110000 | |
| 105 | @aa a 000yy | |
| 106 | @ar | |
| 200 | 1 | @a中、高压变频调速系统与节能@Azhong 、 gao ya bian pin tiao su xi tong yu jie neng@f主编常瑞增 |
| 210 | @a北京@c机械工业出版社@d2021.01 | |
| 215 | @aXIII, 423页@c图@d26cm | |
| 320 | @a有书目 (第422-423页) | |
| 330 | @a本书介绍了中、高压交—直—交变频器的工作原理, 对异步电动机的控制方式和选择 ; PLC按照工艺要求, 操控系统中多台设备的起动、制动顺序, 调节频率控制电动机的转速, 对“工频运行”与“变频运行”的切换 ; 现场总线和光纤网络实现双向、串行、多节点的数字通信, 共同完成自动控制功能的网络系统与控制系统 ; 变频调速系统在中、高压风机、水泵和平运、上运、下运、长距离以及港口胶带输送机系统的应用。 | |
| 606 | 0 | @a变频调速@Abian pin tiao su |
| 690 | @aTM921.51@v5 | |
| 701 | 0 | @a常瑞增@Achang rui zeng@4主编 |
| 801 | 0 | @aCN@c20210909 |
| 905 | @a河南城建学院图书馆@dTM921.51@eC289 | |
| 中、高压变频调速系统与节能/主编常瑞增.-北京:机械工业出版社,2021.01 |
| XIII, 423页:图;26cm |
| ISBN 978-7-111-66621-9:CNY129.00 |
| 本书介绍了中、高压交—直—交变频器的工作原理, 对异步电动机的控制方式和选择 ; PLC按照工艺要求, 操控系统中多台设备的起动、制动顺序, 调节频率控制电动机的转速, 对“工频运行”与“变频运行”的切换 ; 现场总线和光纤网络实现双向、串行、多节点的数字通信, 共同完成自动控制功能的网络系统与控制系统 ; 变频调速系统在中、高压风机、水泵和平运、上运、下运、长距离以及港口胶带输送机系统的应用。 |
| ● |
| 相关链接 |
|
|
|
正题名:中、高压变频调速系统与节能
索取号:TM921.51/C289
 
预约/预借
| 序号 | 登录号 | 条形码 | 馆藏地/架位号 | 状态 | 备注 |
| 1 | 1542279 | 215422790 | 自科库301/301自科库 21排1列3层/ [索取号:TM921.51/C289] | 在馆 |